LEADER 01096nam a2200277 u 4500 001 000000031621 003 CaOOAMICUS 005 20070226112148.0 008 971006s1989 it u000 u ita u 020 $a8839915834 035 $a10771636 040 $aPUL(R)$bita 100 1 $aBarbaglio, Giuseppe,$d1934-2007.$0(OLS)http://pul/name/12654 245 10$a1-2 Corinzi /$cGiuseppe Barbaglio. 260 $aBrescia :$bQueriniana,$c1989. 300 $a146 p. ;$c21 cm 490 1 $aLeggere oggi la Bibbia.$aII, Nuovo Testamento ;$v7 500 $aComprende indici : p. [143]-148. 504 $a"Guida bibliografica" : p. [139]-141. 830 0$aLeggere oggi la Bibbia.$nII,$pNuovo Testamento ;$v7.$0(OLS)http://pul/title/43497 850 $aPUL 852 $aPUL$W1$xSL Religione 1$y3$m10 D 44$j43651$nBK-PRI$b $qStampati$B43651$CPULBib$Z2$F43651 $H $81 941 1 $a8 996 $6020$a8839915834$9(OLS)http://pul/number/39692 996 $6245$a1-2 Corinzi$9(OLS)http://pul/title/43496 996 $6260$aBrescia :$bQueriniana$9(OLS)http://pul/publisher/47906 LEADER 01683nam a2200349 u 4500 001 000000115766 003 CaOOAMICUS 005 20111003131627.0 008 090520s2008 it u000 u ita r 020 $z978-88-02-05241-0 (v. 2)* 020 $z978-88-02-05768-2 (v. 1)* 040 $aPUL$bita$dLDB 245 00$aSuccessioni. 250 $a2. ed. 260 $aTorino :$bUTET Giuridica,$cc2008- 300 $a2 v. ;$c25 cm. 490 1 $aTrattato di diritto privato ;$v05-06 504 $aBibliografia in nota. 505 0 $aI due volumi hanno curatori differenti: Antonio Liserre per il v. 1 ; Lina Bigliazzi Geri per il v. 2. 650 4$aDiritto privato$zItalia$vManuali, trattati, ecc.$0(OLS)http://pul/subject/25157 650 4$aSuccessione (diritto).$0(OLS)http://pul/subject/1242 700 1 $aLiserre, Antonio.$0(OLS)http://pul/name/29575 700 1 $aBigliazzi Geri, Lina.$0(OLS)http://pul/name/29579 830 0$aTrattato di diritto privato (UTET Giuridica) ;$v05-06.$0(OLS)http://pul/title/145457 850 $aPUL 852 $aPUL$W1$xSL Diritto e Scienze Sociali 3$y79$m346. 45 RESPI 1.5$j132646$av. 1$qDDC 21$B131642$CPULBib$Z2$F131642 $H110575 $82 852 $aPUL$W1$xSL Diritto e Scienze Sociali 3$y79$m346. 45 RESPI 1.6$j132647$av. 2$qDDC 21$B131643$CPULBib$Z2$F131643 $H110576 $82 941 1 $a9 996 $6020$z978-88-02-05241-0 (v. 2)*$9(OLS)http://pul/number/140718 996 $6020$z978-88-02-05768-2 (v. 1)*$9(OLS)http://pul/number/140717 996 $6245$aSuccessioni$9(OLS)http://pul/title/145460 996 $6260$aTorino :$bUTET Giuridica$9(OLS)http://pul/publisher/79191